Kurtuluş Savaşı'nda Çukurova / (Record no. 12952)

MARC details
000 -BAŞLIK
Sabit Uzunlukta Kontrol Alanı 00755nam a22002177a 4500
999 ## - SİSTEM KONTROL NUMARALARI (KOHA)
Koha Biblionumber 12952
Koha Biblioitemnumber 12952
003 - KONTROL NUMARASI IDENTIFIER
Denetim Alanı MIRAKIL
005 - SON İŞLEM TARİHİ VE ZAMANI
Denetim Alanı 20190314143419.0
008 - SABİT-BOY VERİ ELEMANLARI - GENEL BİLGİLER
Sabit Uzunlukta Kontrol Alanı 190314b tu ||||| |||| 00| 0 tur d
020 ## - ULUSLARARASI STANDART KİTAP NUMARASI
Uluslararası Standart Kitap Numarası 9751725925
040 ## - KATALOGLAMA KAYNAK
Orijinal Kataloglama Ajansı TR-AnCHP
Metne Dönüştürmek Ajansı TR-AnCHP
041 ## - DİL KODU
Metin / Ses Parça Veya Ayrı Başlığın Dil Kodu tur
082 ## - DEWEY ONLU SINIFLANDIRMA NUMARASI
Sınıflandırma Numarası 956.102305642
Ürün Numarası T66k 2001
100 ## - ANA GİRİŞ - KİŞİSEL İSİM
Kişisel Ad Toros, Taha
245 10 - BAŞLIK TABLOSU
Başlık Kurtuluş Savaşı'nda Çukurova /
Sorumluluk Tablosu, Vb Taha Toros.
260 ## - YAYIN, DAĞITIM, VB
Yayın, Dağıtım, Vb Yeri Ankara :
Yayıncı, Dağıtıcı, Vs Adı Kültür Bakanlığı,
Yayın, Dağıtım, Vb Tarihi 2001.
300 ## - FİZİKSEL TANIM
Kapsam xv, 417 s.:
Diğer Fiziksel Ayrıntıları res.;
Boyutlar 24 sm.
490 0# - SERİSİ TABLOSU
Seri Beyanı Kültür Bakanlığı yayınları ;
-- Yayımlar Dairesi Başkanlığı cumhuriyet kitapları dizisi ;
Hacim / Ardışık Tanımı 2588.
-- 17.
650 #0 - KONU KATMA GİRİŞ - TOPİKAL DÖNEM
9 (RLIN) 4
Topikal Süreli Veya Coğrafi Ad Giriş Elemanı Türkiye
Genel Alt Bölümü Kurtuluş savaşı
-- Tarih
651 #0 - KONU KATMA GİRİŞ - COĞRAFİ ADI
9 (RLIN) 5460
Coğrafi İsim Çukurova / Türkiye
Genel Alt Bölümü Tarih
Kronolojik Alt Bölümü Milli mücadele dönemi
942 ## - EKLENDİ GİRİŞ ELEMANLARI (KOHA)
Sınıflandırma Veya Raf Düzeni Kaynak Dewey Decimal Classification
Koha Öğesi Türü Books
Holdings
Kalıcı Konum Mevcut Konum Edinme Tarihi Toplam Check-Out'Lar Tam Çağrı Numarası Barkod Tarih Son Görülme İtibaren Geçerli Fiyatlar Koha Öğesi Türü
CHP Kütüphanesi CHP Kütüphanesi 03/14/2019   956.102305642 T66k 2001 019013 03/14/2019 03/14/2019 Books